| 000 | 00470nam a2200169Ia 4500 | ||
|---|---|---|---|
| 008 | 230917s9999||||xx |||||||||||||| ||und|| | ||
| 020 | _cGBP29.99 | ||
| 040 |
_e230606 _aMAIN |
||
| 041 | _aEnglish | ||
| 082 | _a338.4791 L944E | ||
| 100 | _aLovelock, Brent | ||
| 245 | 0 | _aEthics of tourism: Critical and applied perspectives | |
| 260 |
_aLondon _bRoutledge _c2013 |
||
| 300 | _axvi, 368 p. | ||
| 500 | _a2259 20/01/2016 HBD15/1511 25/01/2016 IHTM (SFS) | ||
| 942 | _cBK | ||
| 999 |
_c17434 _d17434 |
||